Werder Bremen Kader - Meistersaison 87/88 - Statistiken

Allgemein
  • Dieses Quiz wurde 47 mal gespielt
  • Das Durchschnittsergebnis liegt bei 12 aus 20
Antwortstatistiken
Position Spieler % Korrekt
TR Otto Rehhagel
86%
AB Thomas Schaaf
84%
TW Oliver Reck
81%
TW Dieter Burdenski
73%
MF Mirko Votava
73%
AB Rune Bratseth
73%
ST Frank Neubarth
70%
ST Karl-Heinz Riedle
70%
AB Ulrich Borowka
65%
MF Dieter Eilts
62%
AB Jonny Otten
62%
ST Manfred Burgsmüller
62%
MF Norbert Meier
62%
ST Frank Ordenewitz
57%
AB Michael Kutzop
51%
MF Günter Hermann
49%
AB Gunnar Sauer
46%
MF Thomas Wolter
43%
AB Matthias Ruländer
27%
ST Christoph Hanses
19%
Keine übereinstimmenden Quizze gefunden
Verteilung der Resultate
Anzahl Personen mit jedem Resultat
Perzentil nach korrekt beantworteten Fragen
Ihre Resultats-Entwicklung
Sie haben dieses Quiz noch nicht gespielt